| 000 | 00490nam a22001817a 4500 | ||
|---|---|---|---|
| 003 | MPLRDC | ||
| 005 | 20220104143040.0 | ||
| 008 | 210129b ||||| |||| 00| 0 eng d | ||
| 020 | _a978-986-6834-80-6 | ||
| 082 | _a220.7 WJZ-3 c.2 | ||
| 100 | _a吴九箴 | ||
| 245 |
_a其实,我们都只是宇宙中的泡沫 _c |
||
| 250 | _a再版三刷 | ||
| 260 |
_a台湾 _b大众国际书局股份有限公司 _c2009 |
||
| 300 | _b218 | ||
| 650 | _a佛教杂论 | ||
| 942 |
_cBK _o220.7 WJZ-3 c.2 |
||
| 999 |
_c36131 _d36121 |
||